| Tag |
First Indicator |
Second Indicator |
Subfields |
| LEADER |
00000cam a2200000Ia 4500 |
| 001 |
in00002362639 |
| 005 |
20190301152343.0 |
| 008 |
070728t20082008nyuaf 000 0aeng d |
| 010 |
|
|
|a 2010278185
|
| 035 |
|
|
|a (OCoLC)ocn166367814
|
| 040 |
|
|
|a BTCTA
|b eng
|c BTCTA
|d BAKER
|d YDXCP
|d KNJ
|d OCP
|d KKS
|d SUC
|d PIT
|d IAY
|d EYM
|d SMP
|d CQU
|d DEBBG
|d DLC
|d OCLCF
|d OCLCQ
|d OCLCO
|d CDS
|d SFR
|d OCLCO
|d OCLCQ
|d OCLCO
|d OCLCA
|d WAU
|d OCL
|d CPO
|d OCLCQ
|d OCLCA
|d OCLCQ
|d TXA
|
| 020 |
|
|
|a 9780802118615
|
| 020 |
|
|
|a 0802118615
|
| 035 |
|
|
|a (OCoLC)166367814
|
| 043 |
|
|
|a n-us---
|
| 050 |
1 |
4 |
|a PS3568.E28
|b Z46 2008
|
| 082 |
0 |
4 |
|a 813/.54
|a B
|2 22
|
| 049 |
|
|
|a TXAM
|
| 100 |
1 |
|
|a Rechy, John,
|e author.
|
| 245 |
1 |
0 |
|a About my life and the kept woman :
|b a memoir /
|c John Rechy.
|
| 250 |
|
|
|a First edition.
|
| 264 |
|
1 |
|a New York :
|b Grove Press,
|c [2008]
|
| 264 |
|
4 |
|c ©2008
|
| 300 |
|
|
|a 356 pages, 15 unnumbered pages of plates :
|b illustrations ;
|c 22 cm
|
| 336 |
|
|
|a text
|b txt
|2 rdacontent
|
| 337 |
|
|
|a unmediated
|b n
|2 rdamedia
|
| 338 |
|
|
|a volume
|b nc
|2 rdacarrier
|
| 386 |
|
|
|a Mexican Americans
|2 lcdgt
|
| 386 |
|
|
|a Scottish Americans
|2 lcdgt
|
| 386 |
|
|
|a Americans
|2 lcdgt
|
| 386 |
|
|
|a Gay men
|2 lcdgt
|
| 386 |
|
|
|a Men
|2 lcdgt
|
| 520 |
1 |
|
|a "Rechy was raised Mexican American in El Paso, Texas, at a time when Latino children were routinely separated from their Anglo classmates for daily lice checks and English pronunciation lessons, and being proud of who you were was unheard of. Because of his light skin, he was often assumed to be Anglo, and his name was "changed" by a teacher, from Juan to John. As he grew older - and as his fascination deepened with the memory of a notorious kept woman in his childhood - Rechy became "a ghost boy" who preferred to be alone, feeling different in his heritage and, eventually, in his sexuality. While he performed the roles others wanted for him, he never allowed anyone to define him - whether the authoritarians in the U.S. Army, the bigoted relatives of his Anglo college classmates, or the men and women who wanted him to be something he was not." "In these pages, Rechy opens up about the reality behind the events in his famous autobiographical novel, City of Night, and introduces a new vibrant cast of characters: his loving Mexican mother and violent Scottish father; Alicia, an enigmatic young woman whose life intertwines with his from El Paso to San Francisco; and a roster of such luminaries as Allen Ginsberg and Christopher Isherwood." "Navigating the Depression, the Second World War, the Watts Riots, and the Vietnam War protests, About My Life and the Kept Woman is a story of a life that bears witness to some of the most turbulent changes of the past century. It is an indictment of intolerance and a portrait of an individual who defied it to forge his own path."--Jacket.
|
| 500 |
|
|
|a The Cushing Library/Women & Gender Studies copy was acquired as part of The Don Kelly Research Collection of Gay Literature and Culture.
|5 TXA
|
| 500 |
|
|
|a The Cushing Library/Women & Gender Studies copy is isgned by the author.
|5 TXA
|
| 600 |
1 |
0 |
|a Rechy, John.
|
| 650 |
|
0 |
|a Mexican American authors
|v Biography.
|
| 650 |
|
0 |
|a Gay authors
|z United States
|v Biography.
|
| 600 |
1 |
7 |
|a Rechy, John.
|2 fast
|0 (OCoLC)fst00015839
|
| 650 |
|
7 |
|a Gay authors.
|2 fast
|0 (OCoLC)fst00939062
|
| 650 |
|
7 |
|a Mexican American authors.
|2 fast
|0 (OCoLC)fst01018935
|
| 651 |
|
7 |
|a United States.
|2 fast
|0 (OCoLC)fst01204155
|
| 600 |
1 |
7 |
|a Rechy, John
|d 1934-
|2 gnd
|0 (DE-588)133526313
|
| 650 |
|
7 |
|a Gay novelists
|z United States.
|2 henn
|
| 600 |
1 |
7 |
|a Rechy, John.
|2 swd
|
| 655 |
|
4 |
|a Autobiographie.
|
| 655 |
|
7 |
|a Autobiographies.
|2 fast
|0 (OCoLC)fst01919894
|
| 655 |
|
7 |
|a Biography.
|2 fast
|0 (OCoLC)fst01423686
|
| 655 |
|
7 |
|a Autobiographies.
|2 lcgft
|
| 655 |
|
7 |
|a Autobiographie.
|2 swd
|
| 776 |
0 |
8 |
|i Online version:
|a Rechy, John.
|t About my life and the kept woman.
|b 1st ed.
|d New York : Grove Press, ©2008
|w (OCoLC)608456771
|
| 856 |
4 |
2 |
|3 Publisher description
|u http://catdir.loc.gov/catdir/enhancements/fy1502/2010278185-d.html
|t 0
|
| 945 |
|
|
|a PromptCat
|b 343819
|
| 946 |
|
|
|a stk
|
| 947 |
|
|
|a A14836588431
|
| 948 |
|
|
|a cataloged
|b h
|c 2008/2/28
|d c
|e jlanham
|f 4:40:17 pm
|
| 994 |
|
|
|a C0
|b TXA
|
| 948 |
|
|
|a updated
|b h
|c 2019/3/1
|d c
|e nbehmer
|f 3:23:30 pm
|
| 999 |
f |
f |
|s e0aabe09-7ae1-371b-a992-905d7053468d
|i 15c19e21-feb2-38d5-b376-c00ee406cacf
|t 0
|
| 952 |
f |
f |
|p ric
|a Texas A&M University
|b Rellis Campus
|c Joint Library Facility
|s JLF
|d Remote Storage
|t 0
|e PS3568.E28 Z46 2008
|h Library of Congress classification
|i unmediated -- volume
|m A14836588431
|
| 998 |
f |
f |
|a PS3568.E28 Z46 2008
|t 0
|l Remote Storage
|